My home (Record no. 40595)

MARC details
000 -LEADER
fixed length control field 00309nam a2200121Ia 4500
082 ## - DEWEY DECIMAL CLASSIFICATION NUMBER
Classification number 624:691
Item number PAT
100 ## - MAIN ENTRY--AUTHOR NAME
Personal name Paatro, S N
245 #0 - TITLE STATEMENT
Title My home
260 ## - PUBLICATION, DISTRIBUTION, ETC. (IMPRINT)
Place of publication Bhubaneswar
Name of publisher Orissa Environmental Society
Year of publication 1991
700 ## - ADDED ENTRY--PERSONAL NAME
Personal name Upadhyaya, Biranchi
942 ## - ADDED ENTRY ELEMENTS (KOHA)
Koha item type Books
Holdings
Withdrawn status Lost status Damaged status Not for loan Home library Current library Date acquired Cost, normal purchase price Full call number Accession Number Koha item type
        RRII Library RRII Library 16/12/2021 50.00 624:691 PAT 20893 Books